[Event "29.Schlosspark-Open"]
[Site "Wiesbaden-Biebrich"]
[Date "2017.08.26"]
[Round "4.78"]
[White "Reitz, Theresa"]
[Black "Hamwi, Mustafa"]
[Result "0-1"]
[WhiteElo "1719"]
[BlackElo "1219"]
[PlyCount "70"]
[EventDate "2017.??.??"]
[WhiteTeam "VfR-SC Koblenz"]
[BlackTeam "SV Rüsselsheim"]

1. e4 c5 2. Nc3 g6 3. f4 e6 4. Nf3 Bg7 5. Bc4 Ne7 6. d3 a6 7. a4 Nbc6 8. O-O
Bxc3 9. bxc3 Na5 10. Ba2 d5 11. Ng5 f6 12. Nh3 O-O 13. Qe1 c4 14. Ba3 Rf7 15.
Kh1 b5 16. axb5 axb5 17. Qh4 Nac6 18. Bb1 Ra7 19. Qe1 Ra4 20. Qc1 Bb7 21. Bxe7
Qxe7 22. Rxa4 bxa4 23. exd5 exd5 24. Re1 Qc5 25. Ba2 Re7 26. Rxe7 Qxe7 27. dxc4
dxc4 28. Bxc4+ Kg7 29. Qb1 Na5 30. Ba2 Qe4 31. Qf1 Qxc2 32. Bb1 Bxg2+ 33. Qxg2
Qxb1+ 34. Ng1 a3 35. Qd5 Qb7 0-1

[Event "29.Schlosspark-Open"]
[Site "Wiesbaden-Biebrich"]
[Date "2017.08.26"]
[Round "4.79"]
[White "Bährle, Julius"]
[Black "Geltz, Noah"]
[Result "0-1"]
[WhiteElo "757"]
[BlackElo "1737"]
[PlyCount "46"]
[EventDate "2017.??.??"]
[WhiteTeam "FC Bierstadt"]
[BlackTeam "SF HN-Biberach"]

1. c4 e5 2. g3 Nf6 3. Bg2 g6 4. Nf3 d6 5. O-O Bg7 6. Nc3 O-O 7. e4 Nc6 8. d3
Bg4 9. Bg5 h6 10. Be3 Ne8 11. Nd5 Ne7 12. Qd2 Nxd5 13. cxd5 Kh7 14. Nh4 f5 15.
Rac1 f4 16. gxf4 Qxh4 17. d4 exd4 18. Bxd4 Bxd4 19. Qxd4 Bh3 20. f5 Qg4 21.
Rxc7+ Nxc7 22. fxg6+ Qxg6 23. f3 Qxg2# 0-1

[Event "29.Schlosspark-Open"]
[Site "Wiesbaden-Biebrich"]
[Date "2017.08.26"]
[Round "4.80"]
[White "Schneider, Lutz"]
[Black "Raima, Jan"]
[Result "1/2-1/2"]
[WhiteElo "1737"]
[BlackElo "774"]
[PlyCount "42"]
[EventDate "2017.??.??"]
[WhiteTeam "Sfr. Wiesbaden"]
[BlackTeam "FC Bierstadt"]

1. e4 Nf6 2. e5 Nd5 3. d4 d6 4. exd6 Qxd6 5. g3 b6 6. Bg2 Bb7 7. c4 Nc3 8. Nxc3
Bxg2 9. Bf4 Qd7 10. Qe2 Bxh1 11. f3 Qxd4 12. Be3 Qd7 13. Rd1 Qc8 14. h4 g6 15.
Qh2 Bxf3 16. Nxf3 Bg7 17. Qd2 h6 18. Qd5 Nd7 19. Nd4 e6 20. Nxe6 fxe6 21. Qxe6+
Kd8 1/2-1/2

[Event "29.Schlosspark-Open"]
[Site "Wiesbaden-Biebrich"]
[Date "2017.08.26"]
[Round "4.81"]
[White "Busch, Günther"]
[Black "Meding, Olaf"]
[Result "0-1"]
[WhiteElo "1561"]
[BlackElo "1799"]
[PlyCount "79"]
[EventDate "2017.??.??"]
[WhiteTeam "FC Bierstadt"]
[BlackTeam "SF Mainz"]

1. g3 d5 2. d3 Nf6 3. Bg2 g6 4. b3 Bg7 5. Bb2 O-O 6. e3 Bg4 7. Ne2 c6 8. h3 Bd7
9. O-O Re8 10. Nd2 Na6 11. a3 Qc7 12. Qb1 Rad8 13. Qa2 e5 14. Rae1 Nc5 15. Qa1
Bc8 16. Kh2 Ncd7 17. Ng1 h5 18. f4 Nh7 19. Ndf3 f6 20. Ne2 b6 21. Qd1 Re7 22.
Nh4 Nhf8 23. Rf2 Rde8 24. e4 exf4 25. gxf4 dxe4 26. d4 f5 27. Bc1 Nf6 28. Be3
g5 29. Rg1 Kh7 30. Ng3 gxh4 31. Nxh5 Nd5 32. Nxg7 Rxg7 33. Qh5+ Kg8 34. Re2
Ree7 35. Qxh4 Ng6 36. Qf2 Nxe3 37. Rxe3 Nxf4 38. Kh1 Nxg2 39. Rxg2 Rxg2 40.
Qxg2+ 0-1

[Event "29.Schlosspark-Open"]
[Site "Wiesbaden-Biebrich"]
[Date "2017.08.26"]
[Round "4.83"]
[White "Bartsch, Marius"]
[Black "Wehr, Jan"]
[Result "1-0"]
[WhiteElo "1608"]
[BlackElo "1662"]
[PlyCount "113"]
[EventDate "2017.??.??"]
[WhiteTeam "Wiesbadener SV"]
[BlackTeam "Krefelder SK Turm"]

1. e4 d5 2. exd5 Qxd5 3. Nc3 Qa5 4. d4 c6 5. Bc4 Bf5 6. Bd2 Nf6 7. Nd5 Qd8 8.
Nxf6+ gxf6 9. c3 Bg7 10. Qb3 O-O 11. Qxb7 Qb6 12. Qxb6 axb6 13. Ne2 e5 14. O-O
b5 15. Ng3 Bc2 16. Bb3 Bd3 17. Rfe1 Nd7 18. Rad1 c5 19. dxc5 Nxc5 20. Be3 Nxb3
21. Rxd3 Rxa2 22. Nf5 Rfa8 23. h3 h6 24. Nxh6+ Bxh6 25. Bxh6 Kh7 26. Be3 Rxb2
27. Red1 Rc8 28. Rd7 Kg6 29. Ra7 Nc5 30. Rd5 Ne4 31. Rdd7 Ng5 32. h4 Ne6 33.
Rxf7 Rh8 34. g3 Rb1+ 35. Kg2 Rf8 36. Rh7 Rg8 37. g4 Nf4+ 38. Kf3 Rh1 39. h5+
Kg5 40. Rhg7+ Rxg7 41. Rxg7+ Kh6 42. Rb7 Rb1 43. Bxf4+ exf4 44. Kxf4 Rc1 45.
Rxb5 Rxc3 46. f3 Ra3 47. Rd5 Rb3 48. Rd6 Kg7 49. h6+ Kf7 50. h7 Kg7 51. h8=Q+
Kxh8 52. Rxf6 Kg7 53. Re6 Rb5 54. Re5 Rb4+ 55. Kg5 Rb6 56. Re7+ Kf8 57. Rc7 1-0

[Event "29.Schlosspark-Open"]
[Site "Wiesbaden-Biebrich"]
[Date "2017.08.26"]
[Round "4.84"]
[White "Herrmann, Gerhard"]
[Black "Künne, Lutz"]
[Result "1/2-1/2"]
[WhiteElo "1293"]
[BlackElo "1635"]
[PlyCount "155"]
[EventDate "2017.??.??"]
[WhiteTeam "SC Königsspringer Alzenau"]
[BlackTeam "KC Jena"]

1. e4 c5 2. Nf3 d6 3. Bb5+ Bd7 4. a4 a6 5. Bc4 Nf6 6. Nc3 Nc6 7. O-O g6 8. d3
Bg7 9. Be3 O-O 10. d4 cxd4 11. Nxd4 Rc8 12. Bd3 Ng4 13. Be2 Nxe3 14. fxe3 Ne5
15. Bd3 Nc4 16. Qc1 Ne5 17. Qd2 Bh6 18. Qe2 Bg4 19. Qe1 Nc4 20. Bxc4 Rxc4 21.
b3 Rc7 22. Nd5 Rc8 23. c4 Bg7 24. Rb1 Be5 25. Qh4 Bd7 26. Qxe7 Kg7 27. Rf2 Qxe7
28. Nxe7 Rce8 29. Nd5 Bxd4 30. exd4 Rxe4 31. Nf6 Re7 32. Nxd7 Rxd7 33. d5 Re7
34. Rbf1 f5 35. g4 Re5 36. gxf5 gxf5 37. Kg2 Kg6 38. Kg3 Re3+ 39. Rf3 Re4 40.
Rf4 Re3+ 41. R4f3 Rxf3+ 42. Rxf3 h5 43. h4 Re8 44. Kf4 Re4+ 45. Kg3 Rg4+ 46.
Kh3 f4 47. b4 Kf5 48. c5 Ke4 49. Rb3 dxc5 50. bxc5 Kxd5 51. Rxb7 Kxc5 52. Rh7
Kb4 53. Rxh5 Rg3+ 54. Kh2 Rg6 55. Rf5 Kxa4 56. Rxf4+ Kb3 57. h5 Rh6 58. Rf5 Kb4
59. Kh3 a5 60. Kh4 a4 61. Kg5 Rh8 62. h6 a3 63. Kg6 a2 64. Rf4+ Kb3 65. Rf3+
Kb2 66. Rf2+ Kb1 67. Rf1+ Kb2 68. Rf2+ Kb3 69. Rf3+ Kb4 70. Rf4+ Kb5 71. Rf5+
Kc4 72. Rf4+ Kb5 73. Rf5+ Kb4 74. Rf4+ Kb3 75. Rf3+ Kb2 76. Rf2+ Kb3 77. Rf3+
Kc4 78. Rf4+ 1/2-1/2

[Event "29.Schlosspark-Open"]
[Site "Wiesbaden-Biebrich"]
[Date "2017.08.26"]
[Round "4.85"]
[White "Lorenz, Hermann"]
[Black "Sitta, Stefan"]
[Result "0-1"]
[WhiteElo "1629"]
[BlackElo "1314"]
[PlyCount "100"]
[EventDate "2017.??.??"]
[WhiteTeam "SF Mainz"]
[BlackTeam "Sfr. Wiesbaden"]

1. c4 c5 2. g3 g6 3. Bg2 Bg7 4. Nf3 Nf6 5. O-O O-O 6. Nc3 Nc6 7. e3 e5 8. d3 d6
9. a3 a5 10. Bd2 Bf5 11. e4 Bg4 12. h3 Be6 13. Qc1 Nd4 14. Nxd4 cxd4 15. Ne2 a4
16. Rb1 Nd7 17. Bb4 Nc5 18. Bxc5 dxc5 19. Kh2 Qd7 20. Ng1 b5 21. cxb5 Qxb5 22.
Qd2 Rab8 23. Nf3 Rfc8 24. b4 axb3 25. Rb2 c4 26. dxc4 Bxc4 27. Rc1 Qa4 28. Rcb1
Qxa3 29. Qd1 Be6 30. Nd2 Rc3 31. Kg1 Bh6 32. Nf3 f6 33. g4 Bf4 34. Ne1 Rc1 35.
Rxc1 Qxb2 36. Rb1 Qd2 37. Qxd2 Bxd2 38. Nd3 Bc3 39. Nc5 Kf7 40. Bf1 b2 41. Nxe6
Kxe6 42. Bd3 Bd2 43. Kf1 Bc1 44. Ke2 g5 45. Kd1 Kd6 46. Kc2 Kc5 47. Be2 Kb4 48.
f3 Rc8+ 49. Kd1 Rc3 50. Ba6 Ka3 0-1

[Event "29.Schlosspark-Open"]
[Site "Wiesbaden-Biebrich"]
[Date "2017.08.26"]
[Round "4.86"]
[White "von Beckh, Frieda"]
[Black "Seeger, Alexandra"]
[Result "1/2-1/2"]
[WhiteElo "1248"]
[BlackElo "1615"]
[PlyCount "86"]
[EventDate "2017.??.??"]
[WhiteTeam "SC Eschborn"]
[BlackTeam "SC Rohrbach-Boxberg"]

1. e4 e6 2. d4 d5 3. Nc3 Bb4 4. exd5 exd5 5. Nge2 Nf6 6. a3 Be7 7. g3 O-O 8.
Bg2 c6 9. Bf4 Bf5 10. O-O Nbd7 11. b4 Nb6 12. b5 cxb5 13. Nxb5 Nc4 14. Nec3 a6
15. Nc7 Rc8 16. N7xd5 Nxa3 17. Nxe7+ Qxe7 18. Re1 Qb4 19. Bd2 Rxc3 20. Bxc3
Qxc3 21. Re3 Qxc2 22. Rexa3 Qc7 23. Rc1 Qd6 24. Rb3 Bg4 25. Qd2 Be6 26. Rxb7
Bd5 27. Bxd5 Nxd5 28. Rc5 Rd8 29. Qd3 g6 30. Ra5 Nb4 31. Qc4 Nd5 32. Rxa6 Qf8
33. Rb5 Ne7 34. Rb7 Nf5 35. Qc5 Rxd4 36. Qxf8+ Kxf8 37. Rf6 Nh6 38. Rf4 Rxf4
39. gxf4 Kg7 40. Kg2 Nf5 41. Kf3 h5 42. Ke2 Nd4+ 43. Kf1 Nf5 1/2-1/2

[Event "29.Schlosspark-Open"]
[Site "Wiesbaden-Biebrich"]
[Date "2017.08.26"]
[Round "4.87"]
[White "Jakesevic, Ivan"]
[Black "Roth, Michael"]
[Result "1-0"]
[WhiteElo "1615"]
[BlackElo "1532"]
[PlyCount "61"]
[EventDate "2017.??.??"]
[WhiteTeam "FC Bierstadt"]
[BlackTeam "SC Lerchenberg/ZMO"]

1. Nf3 Nc6 2. d4 d5 3. e3 a6 4. c4 Bg4 5. Nc3 Nf6 6. cxd5 Nxd5 7. Bc4 Nb6 8. b3
e6 9. O-O Nxc4 10. bxc4 Qf6 11. Ne4 Qg6 12. Ng3 O-O-O 13. h3 Bf5 14. Nxf5 Qxf5
15. Bd2 Be7 16. Qb3 g5 17. Rfb1 b6 18. Qa4 Kb7 19. Qb3 g4 20. hxg4 Qxg4 21. a4
Rhg8 22. Ne1 Rb8 23. a5 Kc8 24. axb6 Rxb6 25. Qa4 Nb8 26. Ba5 Rd6 27. Bb4 Rgd8
28. Bxd6 Rxd6 29. c5 Rd5 30. Rxb8+ Kxb8 31. Qxa6 1-0

[Event "29.Schlosspark-Open"]
[Site "Wiesbaden-Biebrich"]
[Date "2017.08.26"]
[Round "4.88"]
[White "Hedrich, Gerd"]
[Black "Maleski, Heinz"]
[Result "0-1"]
[WhiteElo "1547"]
[BlackElo "1708"]
[PlyCount "110"]
[EventDate "2017.??.??"]
[WhiteTeam "Wiesbadener SV"]
[BlackTeam "SV Mainz-Mombach"]

1. Nf3 Nc6 2. d4 d5 3. Bf4 Bf5 4. e3 Nf6 5. Nbd2 Nh5 6. Bg3 Nxg3 7. hxg3 h6 8.
Nh4 Bh7 9. f4 a6 10. Ndf3 e6 11. Ne5 Nxe5 12. dxe5 Qe7 13. c3 Qc5 14. Kf2 Qb6
15. Qd2 Be7 16. Nf3 c5 17. Rd1 O-O-O 18. Bd3 Bxd3 19. Qxd3 Qxb2+ 20. Rd2 Qb6
21. Rb1 Qa7 22. Qe2 Rd7 23. a4 Rhd8 24. a5 c4 25. Nd4 Bc5 26. Qd1 f6 27. Qe2
fxe5 28. Nxe6 Re8 29. Nxc5 Qxc5 30. Qh5 Rde7 31. Qf5+ Kb8 32. Ra1 exf4 33.
Qxf4+ Ka8 34. Rd4 Rd7 35. Qg4 Rf8+ 36. Ke2 Rdf7 37. Rf4 Rxf4 38. gxf4 Re8 39.
Qf3 d4 40. Rb1 Re7 41. cxd4 Qxa5 42. Rb2 c3 43. Rc2 Qb5+ 44. Kf2 Qd3 45. Qe2
Qxe2+ 46. Kxe2 Rc7 47. Kd3 b5 48. d5 b4 49. e4 a5 50. d6 Rd7 51. e5 a4 52. Kc4
b3 53. Rxc3 b2 54. Ra3 b1=Q 55. Rxa4+ Ra7 0-1

[Event "29.Schlosspark-Open"]
[Site "Wiesbaden-Biebrich"]
[Date "2017.08.26"]
[Round "4.89"]
[White "Policarpo, Raphael"]
[Black "Adlhoch, Walter"]
[Result "1-0"]
[WhiteElo "1635"]
[BlackElo "1560"]
[PlyCount "93"]
[EventDate "2017.??.??"]
[WhiteTeam "SC Heusenstamm"]
[BlackTeam "SK Schwandorf"]

1. e4 e6 2. d4 d5 3. exd5 exd5 4. Nf3 Bd6 5. Nc3 Ne7 6. Be2 Nbc6 7. O-O Bg4 8.
h3 Bh5 9. Re1 O-O 10. Bg5 f6 11. Bh4 Nf5 12. Bxf6 Qxf6 13. g4 Nfxd4 14. Nxd5
Nxf3+ 15. Kh1 Qe5 16. Ne7+ Nxe7 17. Bc4+ Bf7 18. Bxf7+ Rxf7 19. Rxe5 Nxe5 20.
Qd2 Raf8 21. Rf1 N7g6 22. Qd4 b6 23. f4 Nd7 24. f5 Nf4 25. Qc4 Nxh3 26. Rf3 Ng5
27. Re3 Ne5 28. Qf4 Nef3 29. Qc4 Kh8 30. Qc6 Ne5 31. Qa4 a5 32. Qf4 Nef3 33.
Qa4 Rf6 34. Kg2 Rh6 35. Qe8 Kg8 36. Qd7 Rh2+ 37. Kf1 Rxc2 38. Qb5 Bg3 39. Qb3+
Rc4 40. Qxc4+ Kh8 41. Qc6 Bd6 42. Re8 Kg8 43. Qd5+ Nf7 44. Rxf8+ Kxf8 45. Qxf3
h6 46. f6 g6 47. Qa8+ 1-0

[Event "29.Schlosspark-Open"]
[Site "Wiesbaden-Biebrich"]
[Date "2017.08.26"]
[Round "4.90"]
[White "Klinke, Roland"]
[Black "Brockmann, Marcus"]
[Result "0-1"]
[WhiteElo "1410"]
[BlackElo "1585"]
[PlyCount "78"]
[EventDate "2017.??.??"]
[WhiteTeam "TuS Dotzheim"]
[BlackTeam "Schachforum Darmstadt"]

1. d4 Nf6 2. c4 c5 3. d5 e6 4. dxe6 fxe6 5. Nf3 Nc6 6. Nc3 d5 7. e3 Be7 8. Be2
O-O 9. a3 d4 10. exd4 cxd4 11. Nb1 Qa5+ 12. Bd2 Bb4 13. Bxb4 Nxb4 14. O-O Rd8
15. Qd2 Nc6 16. b4 Qc7 17. Bd3 e5 18. Re1 Be6 19. Qg5 e4 20. Bxe4 Bxc4 21. Nbd2
Bf7 22. Rac1 Re8 23. b5 h6 24. Qh4 Nxe4 25. Nxe4 Qa5 26. bxc6 bxc6 27. Qg3 Kh8
28. Nxd4 Bd5 29. f3 Rab8 30. Nxc6 Qb6+ 31. Kh1 Bxc6 32. h3 Rbd8 33. Rb1 Qa5 34.
Ra1 Bxe4 35. fxe4 Re5 36. Rab1 Rde8 37. Rb7 R5e7 38. Rb8 Kh7 39. Qf3 Qxe1+ 0-1

[Event "29.Schlosspark-Open"]
[Site "Wiesbaden-Biebrich"]
[Date "2017.08.26"]
[Round "4.91"]
[White "Ochs, Daniel Elias"]
[Black "Schneider, Luca"]
[Result "1-0"]
[WhiteElo "1571"]
[BlackElo "1433"]
[PlyCount "135"]
[EventDate "2017.??.??"]
[WhiteTeam "Wiesbadener SV"]
[BlackTeam "FC Bierstadt"]

1. d4 d5 2. c4 Nf6 3. cxd5 Nxd5 4. e4 Nf6 5. Nc3 e6 6. Nf3 c5 7. Be3 cxd4 8.
Nxd4 a6 9. Be2 Bb4 10. Qa4+ Nc6 11. Nxc6 Bxc3+ 12. bxc3 Qd7 13. Rd1 Qxc6 14.
Qxc6+ bxc6 15. Bf3 Bd7 16. Ke2 e5 17. h3 Be6 18. Rd2 Rb8 19. Rhd1 O-O 20. g4 h6
21. Bc5 Rfe8 22. Ke3 Rb5 23. Bb4 c5 24. a4 Rxb4 25. cxb4 cxb4 26. a5 Kh7 27.
Rb1 b3 28. Bd1 Rc8 29. Bxb3 Rb8 30. Rdb2 Rb4 31. f3 Bxb3 32. Rxb3 Ra4 33. Rb7
Kg8 34. Ra7 Rxa5 35. Rb6 Ra3+ 36. Kf2 Ra2+ 37. Kg3 Ra3 38. Raxa6 Nxe4+ 39. Kg2
Rxa6 40. Rxa6 Ng5 41. h4 Ne6 42. Kg3 Kf8 43. Kf2 Ke7 44. Ke3 Kf6 45. Ke4 Ke7
46. Kxe5 f6+ 47. Kf5 Nd4+ 48. Kf4 Ne6+ 49. Kg3 Nc5 50. Ra7+ Kf8 51. h5 Ne6 52.
Kf2 Nd4 53. Ke3 Nc2+ 54. Ke4 Nb4 55. Rc7 Na6 56. Ra7 Nb4 57. Ra4 Nc6 58. f4 Ke8
59. Rc4 Na5 60. Rc7 Kf8 61. Kf5 Nb3 62. Kg6 Nd4 63. Rc8+ Ke7 64. Kxg7 Ne6+ 65.
Kxh6 Nxf4 66. Rc4 Nd5 67. Kg7 Ne3 68. Re4+ 1-0

[Event "29.Schlosspark-Open"]
[Site "Wiesbaden-Biebrich"]
[Date "2017.08.26"]
[Round "4.92"]
[White "Conrad, Nico"]
[Black "Wüst, Carolin"]
[Result "0-1"]
[WhiteElo "1386"]
[BlackElo "1566"]
[PlyCount "134"]
[EventDate "2017.??.??"]
[WhiteTeam "SG Mörsdorf-Lahr"]
[BlackTeam "PTSV SK Hof"]

1. e4 d5 2. exd5 Qxd5 3. Qf3 Qa5 4. Bc4 Nf6 5. Nc3 c6 6. d3 Bg4 7. Qg3 Nbd7 8.
Bd2 Qe5+ 9. Qxe5 Nxe5 10. f3 Nxc4 11. dxc4 Bf5 12. O-O-O e6 13. a3 Be7 14. Bg5
Nd7 15. Bxe7 Kxe7 16. Nge2 Rhd8 17. Rhe1 Nf6 18. Ng3 Bg6 19. f4 Kf8 20. Na4 b6
21. b4 h6 22. Nb2 Rac8 23. Nd3 Bxd3 24. Rxd3 Rxd3 25. cxd3 Rd8 26. Kc2 b5 27.
Rd1 Ng4 28. Nf1 Rd4 29. cxb5 cxb5 30. h3 Nf6 31. f5 exf5 32. Ne3 g6 33. Kc3 Rd7
34. Rf1 Nh5 35. Nc2 Nf6 36. Nd4 Nd5+ 37. Kd2 Nxb4 38. axb4 Rxd4 39. Kc3 Rd8 40.
Re1 Re8 41. Rxe8+ Kxe8 42. Kd4 Ke7 43. Kc5 g5 44. Kxb5 g4 45. hxg4 fxg4 46. Ka6
h5 47. Kxa7 h4 48. b5 h3 49. gxh3 gxh3 50. b6 h2 51. b7 h1=Q 52. b8=Q Qa1+ 53.
Kb7 Qb2+ 54. Kc7 Qxb8+ 55. Kxb8 Kd6 56. Kc8 f5 57. Kb7 f4 58. Kb6 Kd5 59. Kb5
Kd4 60. Kb4 Kxd3 61. Kb3 f3 62. Kb2 f2 63. Ka2 f1=Q 64. Kb2 Kc4 65. Kc2 Qe2+
66. Kb1 Kb3 67. Kc1 Qc2# 0-1

[Event "29.Schlosspark-Open"]
[Site "Wiesbaden-Biebrich"]
[Date "2017.08.26"]
[Round "4.93"]
[White "Jahraus, Marlis"]
[Black "Schmitz, Bernhard Hubert"]
[Result "1-0"]
[WhiteElo "1563"]
[BlackElo "1394"]
[PlyCount "57"]
[EventDate "2017.??.??"]
[WhiteTeam "SC Untergrombach"]
[BlackTeam "Vorw.Orient Mainz"]

1. f4 d5 2. g3 g6 3. Nf3 Bg7 4. Bg2 c5 5. O-O Nc6 6. d3 e6 7. e4 dxe4 8. dxe4
Qxd1 9. Rxd1 Nge7 10. e5 O-O 11. Nc3 Rb8 12. Nb5 b6 13. Nd6 Rd8 14. Be3 Ba6 15.
Ng5 Rf8 16. c3 Nd8 17. Bf2 f5 18. b4 h6 19. Nf3 cxb4 20. cxb4 Bb7 21. Nxb7 Rxb7
22. Nd4 Rd7 23. Nb5 Rxd1+ 24. Rxd1 Nec6 25. Rd6 Nxb4 26. a3 Nd5 27. Nxa7 Nf7
28. Rxe6 Nc7 29. Rxg6 1-0

[Event "29.Schlosspark-Open"]
[Site "Wiesbaden-Biebrich"]
[Date "2017.08.26"]
[Round "4.94"]
[White "Werner, Rosalie"]
[Black "Manuelyan, Nubar"]
[Result "1-0"]
[WhiteElo "1373"]
[BlackElo "1562"]
[PlyCount "67"]
[EventDate "2017.??.??"]
[WhiteTeam "VSG Offenbach"]
[BlackTeam "SV Bodenheim"]

1. e4 e6 2. d4 d5 3. e5 c5 4. c3 Nc6 5. Nf3 Bd7 6. Bd3 Qb6 7. Bc2 cxd4 8. cxd4
Bb4+ 9. Nc3 Nge7 10. a3 Bxc3+ 11. bxc3 O-O-O 12. Rb1 Qc7 13. Ng5 Rdf8 14. a4 h6
15. Nf3 f6 16. Qe2 fxe5 17. dxe5 Be8 18. Ba3 Bh5 19. Bd6 Qd7 20. h3 Bxf3 21.
gxf3 Rf7 22. Rg1 Nf5 23. Bxf5 Rxf5 24. Rg4 g5 25. c4 h5 26. Rg3 d4 27. Rb3 Qg7
28. h4 Nxe5 29. hxg5 Rxg5 30. Rxg5 Qxg5 31. Bxe5 Qc1+ 32. Qd1 Qxc4 33. Bxh8
Qxb3 34. Qxb3 1-0